000 00745nam a22002175i 4500
001 158573
003 ES-MaACL
005 20230906211222.0
008 040831s1889 xxk |||| | eng d
040 _aCAM
_bspa
_cCAM
100 1 _aMalleson, George Bruce.
_9129388
245 1 0 _aLife of the marquess Wellesley, K.G. /
_cby colonel G.B. Malleson.
260 _aLondon :
_bW.H. Allen & co.,
_c1889 (
_fprinted by William Clowes and sons)
300 _aXI, 239 p. ;
_c18 cm.
490 1 _aStatesmen series
600 1 4 _aWellesley, Richard Cowley-
_xBiografías.
_9133904
752 _aGran Bretaña -
_dLondres
830 0 _aStatesmen series
_9187925
852 _aES-MaACL
_jG-10478
_z-- Enc. editorial en tela
999 _c158573
_d158573